000 00629nam a2200241Ia 4500
003 OSt
005 20221005065857.0
006 a|||||r|||| 00| 0
007 ta
008 221004b |||||||| |||| 00| 0 guj d
024 _a44717
037 _cTextual
040 _aCRL
_cCRL
_bguj
041 _2guj
_aguj
082 _aO156,3NME,6, L2
100 _aMehta Rashik
_9605067
245 0 _aAandhi attitani
260 _amumbai
_bAshok prakashan india
_c1972
300 _a259p.
_ccm.
650 _aGUJRATI FICTION
942 _hO156,3NME,6, L2
_cTEXL
_2cc
999 _c975329
_d975329